| 000 | 00517nam a2200181Ia 4500 | ||
|---|---|---|---|
| 003 | OSt | ||
| 005 | 20200622113816.0 | ||
| 008 | 190216s9999||||xx |||||||||||||| ||und|| | ||
| 020 | _a9788175960275 | ||
| 040 | _coclc | ||
| 082 |
_a954 _bTOM/E |
||
| 100 |
_aTomlinson, B R _93090 |
||
| 245 | 4 |
_aThe Economy of Modern India 1860 - 1970 / _cB R Tomlinson |
|
| 260 |
_bCambridge Uty Press, _c2005. _aNew Delhi: |
||
| 300 | _a235p | ||
| 650 | _aHistory | ||
| 942 |
_cBK _2ddc _h954 _iTOM/E _k954 _mTOM/E |
||
| 999 |
_c21433 _d21433 |
||